<?xml version="1.0" encoding="UTF-8"?>
<record
    xmlns:xsi="http://www.w3.org/2001/XMLSchema-instance"
    xsi:schemaLocation="http://www.loc.gov/MARC21/slim http://www.loc.gov/standards/marcxml/schema/MARC21slim.xsd"
    xmlns="http://www.loc.gov/MARC21/slim">

  <leader>00724nam a2200241 a 4500</leader>
  <controlfield tag="001">82007</controlfield>
  <controlfield tag="003">BD-RjUL</controlfield>
  <controlfield tag="005">20230927110912.0</controlfield>
  <controlfield tag="008">230927s1976    ii            000 jcurd d</controlfield>
  <datafield tag="035" ind1=" " ind2=" ">
    <subfield code="a">(BD-RjUL)82007</subfield>
  </datafield>
  <datafield tag="040" ind1=" " ind2=" ">
    <subfield code="a">TAU</subfield>
    <subfield code="b">eng</subfield>
    <subfield code="c">BD-RjUL</subfield>
  </datafield>
  <datafield tag="041" ind1=" " ind2=" ">
    <subfield code="a">urd</subfield>
  </datafield>
  <datafield tag="082" ind1=" " ind2=" ">
    <subfield code="2">23</subfield>
    <subfield code="a">891.733</subfield>
    <subfield code="b">ANP 1976</subfield>
  </datafield>
  <datafield tag="090" ind1=" " ind2=" ">
    <subfield code="a">891.783 PUS-B</subfield>
  </datafield>
  <datafield tag="100" ind1="1" ind2=" ">
    <subfield code="a">&#x627;&#x646;&#x635;&#x627;&#x631;&#x64A;, &#x638; Ansari, Z</subfield>
    <subfield code="9">9255</subfield>
  </datafield>
  <datafield tag="245" ind1="1" ind2="0">
    <subfield code="a">:&#x67E;&#x648;&#x634;&#x6A9;&#x646; Pushkin /</subfield>
    <subfield code="c">by &#x638;. &#x627;&#x646;&#x635;&#x627;&#x631;&#x64A;  ;;  Z. Ansari</subfield>
  </datafield>
  <datafield tag="260" ind1=" " ind2=" ">
    <subfield code="a">NewDelhi :</subfield>
    <subfield code="b">Taraqi urdu, </subfield>
    <subfield code="c">1976</subfield>
  </datafield>
  <datafield tag="300" ind1=" " ind2=" ">
    <subfield code="a">231 p.  :</subfield>
    <subfield code="b">ill., facsims., ports.</subfield>
    <subfield code="c">22 cm</subfield>
  </datafield>
  <datafield tag="600" ind1="1" ind2="4">
    <subfield code="a">Pushkin, Aleksandr Sergeevich,</subfield>
    <subfield code="d">1799-1837.</subfield>
    <subfield code="9">9256</subfield>
  </datafield>
  <datafield tag="650" ind1=" " ind2="4">
    <subfield code="v">Short stories, </subfield>
  </datafield>
  <datafield tag="650" ind1=" " ind2="4">
    <subfield code="a">Short stories,</subfield>
    <subfield code="z"> Russian</subfield>
    <subfield code="9">9257</subfield>
  </datafield>
  <datafield tag="942" ind1=" " ind2=" ">
    <subfield code="2">ddc</subfield>
    <subfield code="c">BK</subfield>
  </datafield>
  <datafield tag="999" ind1=" " ind2=" ">
    <subfield code="c">82007</subfield>
    <subfield code="d">82007</subfield>
  </datafield>
  <datafield tag="952" ind1=" " ind2=" ">
    <subfield code="0">0</subfield>
    <subfield code="1">0</subfield>
    <subfield code="2">ddc</subfield>
    <subfield code="4">0</subfield>
    <subfield code="7">1</subfield>
    <subfield code="8">FIC</subfield>
    <subfield code="a">RUCL</subfield>
    <subfield code="b">RUCL</subfield>
    <subfield code="c">Reading</subfield>
    <subfield code="d">1985-01-13</subfield>
    <subfield code="e">Asiatic thought tulip calcatta</subfield>
    <subfield code="g">12.00</subfield>
    <subfield code="l">0</subfield>
    <subfield code="o">U 891.733 ANP 1976</subfield>
    <subfield code="r">2023-09-27 00:00:00</subfield>
    <subfield code="t">C-1</subfield>
    <subfield code="w">2023-09-27</subfield>
    <subfield code="y">BK</subfield>
  </datafield>
</record>
